Country Connect: Closest non neighbour - Disappearing Map #2 - Statistics

General Stats
  • This quiz has been taken 582 times
  • The average score is 116 of 196
Answers on the Map
Answers color-coded by a green-red scale on the quiz's map according to % correct below.
 
Answer Stats
D (km) Country % Correct
828 Chile
100%
455 Paraguay
95%
285 Uruguay
95%
1014 Bolivia
94%
728 Colombia
94%
557 Costa Rica
94%
252 Honduras
94%
59 Belize
93%
162 El Salvador
93%
36 Nicaragua
92%
164 Panama
92%
17 Trinidad and Tobago
92%
442 Venezuela
92%
129 Grenada
89%
44 Saint Lucia
88%
59 Saint Vincent and the Grenadines
88%
129 Dominica
87%
154 Antigua and Barbuda
86%
68 Saint Kitts and Nevis
85%
524 Barbados
82%
502 Guyana
82%
555 Argentina
81%
200 Bahamas
81%
88 Cuba
81%
2319 Ecuador
81%
88 Haiti
81%
1255 Peru
81%
752 United States
81%
485 Brazil
80%
1599 Dominican Republic
80%
192 Jamaica
80%
84 Russia
80%
298 China
79%
6 Japan
79%
57 South Korea
79%
8 Taiwan
79%
217 Afghanistan
78%
489 India
78%
17 Indonesia
78%
104 Kyrgyzstan
78%
53 Malaysia
78%
266 Pakistan
78%
159 Philippines
78%
3 Singapore
78%
20 Tajikistan
78%
90 Thailand
78%
932 Vietnam
78%
44 Brunei
77%
49 Kazakhstan
77%
36 Mongolia
77%
2691 Myanmar
77%
775 North Korea
77%
325 Bahrain
76%
46 Bangladesh
76%
301 Bhutan
76%
72 Cyprus
76%
13 Egypt
76%
334 Iran
76%
7 Jordan
76%
22 Kuwait
76%
47 Lebanon
76%
25 Nepal
76%
27 Saudi Arabia
76%
109 Syria
76%
128 Turkey
76%
1363 Uzbekistan
76%
333 Azerbaijan
75%
488 Georgia
75%
201 Turkmenistan
75%
338 Ukraine
74%
101 Bosnia and Herzegovina
72%
151 Bulgaria
72%
56 Kosovo
72%
47 Slovenia
72%
63 Italy
70%
28 Liechtenstein
70%
118 Germany
69%
4 Monaco
69%
235 Switzerland
69%
224 Luxembourg
68%
64 Netherlands
68%
11 United Kingdom
68%
10 France
67%
143 Austria
66%
29 Croatia
66%
69 Albania
65%
38 Serbia
65%
114 Greece
64%
176 Montenegro
64%
270 Belarus
63%
160 Estonia
63%
60 Finland
63%
79 Macedonia
63%
173 Romania
63%
73 Slovakia
63%
407 Belgium
62%
67 Czech Republic
62%
7 Denmark
62%
76 Hungary
62%
621 Ireland
62%
221 Latvia
62%
97 Poland
62%
145 Sweden
62%
1646 Canada
61%
544 Iceland
61%
1807 Mexico
61%
850 Norway
61%
3364 Cape Verde
59%
572 Senegal
59%
3571 Suriname
59%
218 Ivory Coast
58%
103 Nigeria
58%
261 Sierra Leone
58%
314 Togo
58%
100 Equatorial Guinea
57%
204 Republic of the Congo
57%
433 Chad
56%
425 Eritrea
55%
245 South Sudan
55%
33 Djibouti
54%
624 Sudan
54%
40 Yemen
54%
400 Democratic Republic of the Congo
52%
118 Angola
51%
158 Gabon
51%
31 Botswana
50%
199 Mozambique
49%
294 Comoros
48%
323 Tanzania
48%
225 Armenia
47%
498 Iraq
47%
1017 Israel
47%
568 Oman
47%
409 Qatar
47%
400 Somalia
47%
860 Libya
46%
161 Algeria
45%
339 Malta
45%
203 Morocco
45%
493 Spain
45%
288 Tunisia
45%
237 Mali
44%
520 Portugal
44%
193 Gambia
42%
62 Guinea
42%
255 Mauritania
41%
282 Burkina Faso
40%
453 Liberia
40%
43 Benin
39%
672 Cameroon
39%
472 Ghana
39%
701 Central African Republic
38%
86 Niger
38%
96 Burundi
37%
403 Kenya
37%
708 Malawi
37%
349 Rwanda
37%
421 Uganda
37%
607 Zambia
37%
520 South Africa
36%
164 Zimbabwe
36%
701 Lesotho
35%
1185 Madagascar
35%
866 Mauritius
35%
0 Namibia
35%
1697 Seychelles
35%
279 Swaziland
35%
1567 Ethiopia
34%
1569 United Arab Emirates
34%
2335 Cambodia
33%
2839 Maldives
33%
755 Sri Lanka
33%
420 Federated States of Micronesia
31%
2799 Palau
31%
443 Kiribati
30%
667 Marshall Islands
30%
288 Nauru
30%
12 Papua New Guinea
29%
1097 Solomon Islands
29%
93 Australia
28%
336 East Timor
28%
3217 Laos
28%
6838 Moldova
27%
637 Lithuania
26%
1364 San Marino
24%
3609 Guinea-Bissau
23%
2567 São Tomé and Príncipe
23%
220 Vatican City
23%
884 Andorra
22%
10513 Guatemala
22%
8366 New Zealand
22%
351 Fiji
21%
471 Samoa
21%
549 Tonga
21%
318 Tuvalu
21%
1303 Vanuatu
21%
No matching quizzes found
Score Distribution
Percent of People with Each Score
Percentile by Number Answered
Your Score History
You have not taken this quiz